Rusia no es un enigma / (Record no. 11572)

000 -CABECERA
fixed length control field 00810nam a22002177a 4500
003 - IDENTIFICADOR DEL NÚMERO DE CONTROL
control field AR-CdUCM
008 - DATOS DE LONGITUD FIJA--INFORMACIÓN GENERAL
fixed length control field 190404b ||||| |||| 00| 0 spad
040 ## - FUENTE DE LA CATALOGACIÓN
Agencia/entidad que catalogó originalmente la obra MUNICIPALIDAD PROVINCIAL DEL CUSCO
Entidad que transcribió la catalogación BIBLIOTECA MUNICIPAL DEL CUSCO
082 ## - NÚMERO DE LA CLASIFICACIÓN DECIMAL DEWEY
No. de Clasificación 947 /
Notacion interna S79 / 1945
100 ## - ENTRADA PRINCIPAL--NOMBRE DE PERSONA
Nombre Personal Stevens, Edmund
245 ## - MENCIÓN DE TÍTULO
Título Rusia no es un enigma /
260 ## - PUBLICACIÓN, DISTRIBUCIÓN, ETC.
Lugar de publicación, distribución, etc. Buenos Aires :
Nombre de la editorial, distribuidor, etc. Urquiza,
Fecha de publicación, distribución, etc. 1945.
300 ## - DESCRIPCIÓN FÍSICA
Nº de Páginas Extensión 352 páginas ;
Dimensiones 23 cm.
505 ## - NOTA DE CONTENIDO CON FORMATO
Nota de contenido formateada Contenido: A Moscú con Churchill -- El viaje de regreso -- Un ruso en Argel -- Americanos y polacos en Persia -- La entrada por la puerta lateral de Rusia -- La vida en Moscú ...
650 ## - PUNTO DE ACCESO ADICIONAL DE MATERIA--TÉRMINO DE MATERIA
Descriptor Historia
9 (RLIN) 136
650 ## - PUNTO DE ACCESO ADICIONAL DE MATERIA--TÉRMINO DE MATERIA
Descriptor Unión Soviética
9 (RLIN) 496
700 ## - PUNTO DE ACCESO ADICIONAL--NOMBRE DE PERSONA
Nombre Personal Teruggi, Mario E. (traductor)
9 (RLIN) 29003
942 ## - ELEMENTOS DE PUNTO DE ACCESO ADICIONAL (KOHA)
Fuente de clasificación
Tipo de item Libros-BMC
945 ## - PROCESAMIENTO DE INFORMACIÓN LOCAL (OCLC)
Catalogador acv
AAAA-MM-DD - Fecha de ingreso o modificacion 04/04/2019
Holdings
Estado de retiro (separado) Fuente de clasificación o esquema de estanterías Estado dañado Ubicación Sala donde se ubica Nombre de la colección Fecha de adquisición o compra Costo, precio normal en soles Signatura topográfica Código de Barras Última vez visto (Koha) Tipo de ítem (Koha)
No     Sala Cusco Antiguo Sala Cusco Antiguo Book Cart 2019-04-04 50.00 947 / S79 / 1945 SCA0001569 2019-04-04 Libros-BMC

Powered by Koha